[Event "Barcelona Sant Marti op 10th"]
[Site "Barcelona"]
[Date "2023.02.23"]
[Round "7"]
[White "Tormo Garcia, Joan"]
[Black "Ninerola Junyent, Ernest"]
[Result "1-0"]
[WhiteElo "1792"]
[BlackElo "1579"]
[PlyCount "101"]
[EventDate "2023.01.12"]
[EventType "swiss"]
[EventRounds "9"]
[EventCountry "ESP"]
[SourceTitle "CBM 213 Extra"]
[Source "ChessBase"]
[SourceDate "2023.05.31"]
[SourceVersion "1"]
[SourceVersionDate "2023.05.31"]
[SourceQuality "1"]

1. e4 e5 2. Nf3 Nc6 3. Bc4 Be7 4. d4 d6 5. dxe5 dxe5 6. Qxd8+ Bxd8 7. Bb5 f6 8. Bxc6+ bxc6 9. 0-0 Ne7 10. Be3 Kf7 11. Nc3 Bb7 12. Na4 Bc8 13. Nc5 Ng6 14. Nd2 Be7 15. Ndb3 a5 16. a4 Be6 17. Nxe6 Kxe6 18. Nc5+ Bxc5 19. Bxc5 Rab8 20. b3 Ne7 21. Rad1 Nc8 22. Rd3 Nd6 23. f3 Rhd8 24. Rfd1 Nb7 25. Rxd8 Rxd8 26. Rxd8 Nxd8 27. Kf2 Nb7 28. Be3 g6 29. g3 f5 30. exf5+ gxf5 31. Kg2 c5 32. c4 Kf6 33. Kh3 Kg6 34. f4 e4 35. g4 h6 36. gxf5+ Kxf5 37. Kh4 Kg6 38. f5+ Kxf5 39. Bxh6 Ke5 40. Be3 Nd6 41. Kg5 Nf5 42. Bf4+ Ke6 43. Bxc7 e3 44. Kf4 e2 45. Bxa5 Nd4 46. Ke3 Nxb3 47. Bc3 Nd4 48. Kf2 Ke5 49. a5 Ke4 50. Bxd4 cxd4 51. Kxe2 1-0

[Event "Barcelona Sant Marti op 10th"]
[Site "Barcelona"]
[Date "2023.02.16"]
[Round "6"]
[White "Ninerola Junyent, Ernest"]
[Black "Menbrive Hernandez, Juan"]
[Result "1-0"]
[WhiteElo "1579"]
[BlackElo "1369"]
[PlyCount "81"]
[EventDate "2023.01.12"]
[EventType "swiss"]
[EventRounds "9"]
[EventCountry "ESP"]
[SourceTitle "CBM 213 Extra"]
[Source "ChessBase"]
[SourceDate "2023.05.31"]
[SourceVersion "1"]
[SourceVersionDate "2023.05.31"]
[SourceQuality "1"]

1. e4 e5 2. Nf3 Nf6 3. Nc3 Bc5 4. Bc4 c6 5. 0-0 d5 6. exd5 cxd5 7. Be2 0-0 8. d4 exd4 9. Nxd4 Bd7 10. Bg5 h6 11. Bh4 Qb6 12. Bxf6 gxf6 13. Nb3 Bd6 14. Nxd5 Qd8 15. c4 Bf5 16. Bd3 Bg6 17. Nd4 Nc6 18. Nf5 Bb8 19. Nxh6+ Kg7 20. Ng4 f5 21. Nge3 Bxh2+ 22. Kxh2 Rh8+ 23. Kg1 Qh4 24. f3 Qh2+ 25. Kf2 Rae8 26. Rh1 Qe5 27. Rb1 Qd4 28. Rxh8 Rxh8 29. Bxf5 Qh4+ 30. Kf1 Qg3 31. Ke2 Re8 32. Bxg6 Qxg2+ 33. Kd3 Qxg6+ 34. Kc3 Kg8 35. Qg1 Ne5 36. Qxg6+ fxg6 37. Nf6+ Kf7 38. Nxe8 Kxe8 39. f4 Nc6 40. Rg1 Kf7 41. b4 1-0